000 00370nam a2200121Ia 4500
008 220620s9999||||xx |||||||||||||| ||und||
100 _aThomas Heinbockel
245 0 _aSynaptic Plasticity
546 _aEnglish[eng]
650 _aLife Sciences||Neuroplasticity||Neuroscience||Neurobiology
856 _uhttps://www.intechopen.com/books/synaptic-plasticity
942 _cEB
999 _c28228
_d28228